[Event "C11"]
[Site "Cleanchess.com Moscow RUS"]
[Date "2018.02.18"]
[Round "2.1"]
[White "Oparin,G"]
[Black "Esipenko,Andrey"]
[Result "1-0"]
[WhiteElo "2607"]
[BlackElo "2571"]

1.e4 e6 2.d4 d5 3.Nc3 Nf6 4.Bg5 dxe4 5.Nxe4 Be7 6.Bxf6 gxf6 7.Nf3 a6 8.Qe2 f5
9.Nc3 Qd6 10.g3 b5 11.Bg2 Bb7 12.O-O b4 13.Na4 Nd7 14.c4 Be4 15.Rad1 O-O 16.d5
e5 17.c5 Bxf3 18.Bxf3 Nxc5 19.Nxc5 Qxc5 20.Qxe5 Qd6 21.Qxf5 Rad8 22.Rfe1 Qf6
23.Qh5 Qg5 24.Qxg5+ Bxg5 25.Rd4 Bf6 26.Rxb4 Rb8 27.Rg4+ Kh8 28.b3 Bc3 29.Re7
Ba5 30.Ra4 Rb5 31.Rf4 Kg8 32.Bh5 f5 33.Be2 Rbb8 34.Bc4 {#r} 1-0

[Event "C11"]
[Site "Cleanchess.com Budapest HUN"]
[Date "2018.02.12"]
[Round "8.5"]
[White "Farago,S"]
[Black "Lyell,M"]
[Result "0-1"]
[WhiteElo "2203"]
[BlackElo "2296"]

1.e4 e6 2.d4 d5 3.Nc3 Nf6 4.e5 Nfd7 5.f4 c5 6.Nf3 Nc6 7.Be3 cxd4 8.Nxd4 Bc5
9.Qd2 O-O 10.O-O-O a6 11.Kb1 Nxd4 12.Bxd4 b5 13.Ne2 a5 14.Qe3 Be7 15.h4 b4
16.f5 exf5 17.Nf4 Bb7 18.Bd3 Qc7 19.Qg3 Nc5 20.Nh5 g6 21.Bxf5 Ne4 22.Qf4 Rfe8
23.Bxe4 dxe4 24.Rhf1 Bd5 25.Qg3 a4 26.Nf4 b3 27.cxb3 axb3 28.Rc1 Qa5 29.a3
Reb8 30.Bc3 Qb5 31.Nxd5 Qxd5 32.Rcd1 Qc4 33.e6 Qxe6 34.Qe3 Rd8 35.Rd4 Rxd4
36.Qxd4 f6 37.Qe3 Rd8 38.Re1 Qc4 39.g4 Rd3 40.Qc1 Kf7 41.h5 g5 42.Bd2 Qe6
43.Be3 Qxg4 44.a4 Qe6 45.Qc7 Qd5 46.Bc1 Rd4 47.Re3 Rc4 48.Qg3 Bd6 49.Qh3 Rxc1+
50.Kxc1 Bf4 {#R} 0-1

[Event "C16"]
[Site "Cleanchess.com   INT"]
[Date "2018.02.14"]
[Round "6"]
[White "Thorhallsson,T"]
[Black "Barsegyan,H"]
[Result "1-0"]
[WhiteElo "2418"]
[BlackElo "2467"]

1.e4 e6 2.d4 d5 3.Nc3 Bb4 4.e5 Ne7 5.Bd3 c5 6.a3 Bxc3+ 7.bxc3 Nbc6 8.Qg4 O-O
9.Nf3 Ng6 10.h4 f5 11.Qg3 Qa5 12.Bd2 Qa4 13.h5 Nge7 14.dxc5 Qg4 15.Rh4 Qxg3
16.fxg3 Bd7 17.Rb1 Rfb8 18.g4 b6 19.gxf5 Nxf5 20.Bxf5 exf5 21.Be3 Re8 22.cxb6
axb6 23.Rxb6 Nxe5 24.Nxe5 Rxe5 25.Kf2 Rxa3 26.Bd4 Re8 27.Rb7 Rd8 28.h6 Ra2
29.hxg7 Rxc2+ 30.Kf3 Bc6 31.Rb6 Rc8 32.Rh6 Ba8 33.Kg3 R2xc3+ 34.Bxc3 Rxc3+
35.Kf4 Kxg7 36.Rhd6 Rc7 37.Ra6 Bb7 38.Ra7 Rf7 39.Rb6 Bc8 40.Rxf7+ Kxf7 41.Ke5
f4 42.Kxf4 Kg7 43.Rc6 {#r} 1-0

[Event "C18"]
[Site "Cleanchess.com   INT"]
[Date "2018.02.14"]
[Round "6"]
[White "Saric,Iv"]
[Black "Akobian,V"]
[Result "0-1"]
[WhiteElo "2664"]
[BlackElo "2647"]

1.e4 e6 2.d4 d5 3.Nc3 Bb4 4.e5 c5 5.a3 Bxc3+ 6.bxc3 Ne7 7.Qg4 Kf8 8.Qd1 Qc7
9.Nf3 b6 10.a4 Kg8 11.a5 bxa5 12.Bd3 Ba6 13.O-O Bxd3 14.cxd3 cxd4 15.cxd4 Nbc6
16.Ba3 h6 17.Qa4 Kh7 18.Rfc1 Qb6 19.Rab1 Qa6 20.Bxe7 Nxe7 21.Rc7 Rab8 22.Rbc1
Rhc8 23.h3 Rxc7 24.Rxc7 Rb7 25.Qd7 Rxc7 26.Qxc7 Ng6 27.Qxf7 a4 28.Nh2 Nh8
29.Qe7 Ng6 30.Qd7 Nf8 31.Qf7 Qxd3 32.Ng4 Nd7 33.Qxd7 Qxd4 34.Nf6+ Kg6 35.Qe8+
Kf5 36.Ng4 Qd1+ 37.Kh2 Ke4 38.Qxa4+ Qxa4 {#R} 0-1

[Event "C18"]
[Site "Cleanchess.com   INT"]
[Date "2018.02.14"]
[Round "6"]
[White "Smirnov,Ant"]
[Black "Safin,A"]
[Result "1-0"]
[WhiteElo "2527"]
[BlackElo "2229"]

1.e4 e6 2.d4 d5 3.Nc3 Bb4 4.e5 c5 5.a3 Bxc3+ 6.bxc3 Ne7 7.Qg4 O-O 8.Bd3 Nbc6
9.Nf3 f5 10.Qg5 Bd7 11.O-O Rc8 12.a4 cxd4 13.cxd4 Nb4 14.Ba3 a5 15.Rfb1 Nec6
16.Qd2 Re8 17.Bb5 Na7 18.Bxb4 axb4 19.Bxd7 Qxd7 20.Qxb4 Re7 21.Rb2 Rc4 22.Qa3
h6 23.h3 Kf7 24.a5 Qc7 25.Qd3 Nc6 26.Qd2 Qc8 27.c3 Rc7 28.Rb3 Ne7 29.Raa3 Qd7
30.Qb2 R4c6 31.Ne1 Ra6 32.Nd3 Ra7 33.Nc5 Qc8 34.Rb6 Nc6 35.Qb5 Nxe5 36.Nxb7
Rcxb7 37.dxe5 Rxb6 38.Qxb6 Qc7 39.Qxc7+ Rxc7 40.a6 Ra7 41.g4 fxg4 42.hxg4 Ke7
43.f4 Kd7 44.f5 Kc6 45.fxe6 Kb6 46.e7 Ra8 47.a7 {#r} 1-0

[Event "C18"]
[Site "Cleanchess.com   INT"]
[Date "2018.02.14"]
[Round "6"]
[White "Smirnov,Ant"]
[Black "Holt,C"]
[Result "1-0"]
[WhiteElo "2527"]
[BlackElo "2578"]

1.e4 e6 2.d4 d5 3.Nc3 Bb4 4.e5 c5 5.a3 Bxc3+ 6.bxc3 Ne7 7.Qg4 O-O 8.Bd3 Nbc6
9.Nf3 f5 10.Qg5 Qb6 11.O-O Bd7 12.a4 Rae8 13.Ba3 c4 14.Rfb1 Qa5 15.Rb5 Qd8
16.Be2 b6 17.Rbb1 f4 18.Nh4 h6 19.Qg4 Kh7 20.Qh3 g5 21.Nf3 Rg8 22.Nd2 Ref8
23.Bg4 Rg6 24.Qf3 Rfg8 25.g3 R6g7 26.Kh1 Ng6 27.Bd6 Nce7 28.a5 b5 29.a6 Nf5
30.Bc5 Bc6 31.Rg1 Qc8 32.Qe2 Rf7 33.Bh5 Ng7 34.Bxg6+ Kxg6 35.gxf4 Rxf4 36.Bxa7
Qf8 37.Rg2 Qf5 38.Nf1 Rf3 39.Ng3 Qf7 40.Bc5 Rxc3 41.f4 Qxf4 42.Rf1 Qh4 43.Qe1
Rxg3 44.Qxg3 Qxg3 45.hxg3 Nf5 46.g4 Ne3 47.Rf6+ Kg7 48.Rg3 Nxc2 49.Rc3 Ne1
50.Rxe6 Ba8 51.Rb6 Nd3 52.Rxb5 Bc6 53.Rb6 Nxc5 54.Rxc6 Ne4 55.Ra3 Rb8 56.a7
Rb1+ 57.Kg2 Rb2+ 58.Kf3 Nd2+ 59.Ke2 Ne4+ 60.Kd1 c3 61.Rc7+ Kg6 62.Ra6+ {#r}
1-0

[Event "C24"]
[Site "Cleanchess.com Lutsk UKR"]
[Date "2018.02.17"]
[Round "6.1"]
[White "Mirzoev,E"]
[Black "Bogdanovich,S"]
[Result "1-0"]
[WhiteElo "2405"]
[BlackElo "2560"]

1.e4 e5 2.Bc4 Nf6 3.d3 Be7 4.Nc3 O-O 5.f4 exf4 6.Bxf4 Bb4 7.Ne2 d5 8.exd5 Bg4
9.O-O Re8 10.h3 Bxc3 11.hxg4 Bxb2 12.Rb1 Be5 13.Bxe5 Rxe5 14.Ng3 Nbd7 15.Rxb7
Nb6 16.Qf3 c6 17.Qf4 Rxd5 18.Bxd5 Nbxd5 19.Qf2 h6 20.Ne4 Qc8 21.Rxf7 Qxg4
22.Rxf6 gxf6 23.Qxf6 Kh7 24.Qxc6 Rd8 25.Qxd5 {#r} 1-0

[Event "C26"]
[Site "Cleanchess.com Lutsk UKR"]
[Date "2018.02.16"]
[Round "14.1"]
[White "Yarmysty,M"]
[Black "Bogdanovich,S"]
[Result "0-1"]
[WhiteElo "2300"]
[BlackElo "2560"]

1.e4 e5 2.Nc3 Nf6 3.Bc4 Bc5 4.d3 Nc6 5.Bg5 h6 6.Bh4 d6 7.Na4 Bb6 8.Nxb6 axb6
9.Ne2 Be6 10.Nc3 g5 11.Bg3 d5 12.Bb5 Qd6 13.Bxc6+ bxc6 14.d4 Nd7 15.exd5 cxd5
16.dxe5 Qb4 17.O-O c6 18.Rb1 h5 19.a3 Qe7 20.f3 h4 21.Bf2 h3 22.g4 Kf8 23.Re1
Kg7 24.Qd2 Rad8 25.Be3 Kg6 26.Qd3+ Kg7 27.Qd2 Kg6 28.Qd3+ Kh6 29.f4 gxf4
30.Bxf4+ Kg7 31.Qe3 Qc5 32.b4 Qxe3+ 33.Bxe3 Bxg4 34.Bd4 Be6 35.Na4 Rb8 36.Kf2
Rh4 37.Rg1+ Kf8 38.c3 Ke7 39.Rg3 c5 40.bxc5 bxc5 41.Rxb8 Nxb8 42.Bxc5+ Kd7
43.Bd4 Nc6 44.Nc5+ Ke7 45.Be3 Rc4 46.Bg5+ Ke8 47.Nxe6 fxe6 48.Bf6 Ra4 49.Rxh3
Rxa3 50.Rh8+ Kf7 51.Rh7+ Kg6 52.Rh3 Kf5 53.Rf3+ Ke4 54.h4 d4 55.h5 dxc3
56.Re3+ Kf4 57.Rg3 Ra2+ 58.Kf1 Kxg3 {#R} 0-1

[Event "C28"]
[Site "Cleanchess.com Lutsk UKR"]
[Date "2018.02.16"]
[Round "9.3"]
[White "Yarmysty,M"]
[Black "Vetoshko,V"]
[Result "0-1"]
[WhiteElo "2300"]
[BlackElo "2520"]

1.e4 e5 2.Nc3 Nc6 3.Bc4 Nf6 4.d3 Bc5 5.Bg5 h6 6.Bh4 O-O 7.Bg3 d6 8.Na4 Bb6
9.Nxb6 axb6 10.Ne2 Na5 11.Nc3 c6 12.a4 Be6 {#R} 0-1

[Event "C41"]
[Site "Cleanchess.com Lutsk UKR"]
[Date "2018.02.16"]
[Round "15.6"]
[White "Golubka,P"]
[Black "Yarmysty,M"]
[Result "0-1"]
[WhiteElo "2503"]
[BlackElo "2300"]

1.e4 e5 2.Nf3 d6 3.Bc4 Be7 4.d3 Nf6 5.Bb3 O-O 6.Nbd2 Nc6 7.c3 Be6 8.Bc2 h6
9.b4 a6 10.a3 d5 11.h3 Re8 12.Bb2 Bf8 13.g4 b5 14.g5 hxg5 15.Nxg5 Qd7 16.Qe2
a5 17.Kf1 axb4 18.cxb4 dxe4 19.Nxe6 Rxe6 20.dxe4 {#R} 0-1

[Event "C41"]
[Site "Cleanchess.com Wachtebeke BEL"]
[Date "2018.02.12"]
[Round "4.2"]
[White "Van der Lende,I"]
[Black "Hautot,S"]
[Result "0-1"]
[WhiteElo "2384"]
[BlackElo "2368"]

1.e4 d6 2.d4 Nf6 3.Nc3 e5 4.Nf3 Nbd7 5.Bc4 Be7 6.O-O O-O 7.Re1 c6 8.a4 a5 9.h3
h6 10.Ba2 Re8 11.Be3 Bf8 12.Nh4 exd4 13.Bxd4 Nxe4 14.Bxf7+ Kxf7 15.Qh5+ Kg8
16.Nxe4 Re6 17.Nf5 d5 18.Ned6 g6 19.Qg4 Ne5 20.Bxe5 Rxd6 21.Qf4 Bxf5 22.g4
Bxc2 23.Rac1 Be4 24.f3 g5 25.Qg3 Bg6 26.f4 gxf4 27.Qxf4 Re6 28.Bd4 Qg5 29.Qc7
Rae8 30.Rf1 Qe7 31.Qf4 Bg7 32.Bc5 Qg5 33.Qg3 d4 34.Qc7 {#R} 0-1

[Event "C41"]
[Site "Cleanchess.com Newcastle ENG"]
[Date "2018.02.17"]
[Round "7.3"]
[White "Nasuta,G"]
[Black "Plat,V"]
[Result "1-0"]
[WhiteElo "2454"]
[BlackElo "2560"]

1.e4 d6 2.d4 Nf6 3.Nc3 e5 4.Nf3 Nbd7 5.Bc4 Be7 6.a4 O-O 7.O-O a5 8.h3 c6 9.Re1
exd4 10.Qxd4 Nb6 11.Ba2 d5 12.exd5 Nfxd5 13.Nxd5 Nxd5 14.Bxd5 cxd5 15.Bf4 Ra6
16.Rad1 Be6 17.Qd2 Qd7 18.b3 Rc8 19.Re3 b5 20.axb5 Qxb5 21.Nd4 Qd7 22.Qe2 Rb6
23.c4 Bf8 24.Nxe6 fxe6 25.Qg4 Rb7 26.Rxe6 h5 27.Qf5 d4 28.Qe4 Rxb3 29.Rxd4 Qf7
30.Re5 Qb7 31.Rdd5 Rb6 32.Rxh5 g6 33.Rhg5 Qf7 34.Be3 Re6 35.Qd3 a4 36.Rdf5
Qxf5 37.Qxf5 {#r} 1-0

[Event "C41"]
[Site "Cleanchess.com Lutsk UKR"]
[Date "2018.02.17"]
[Round "4.8"]
[White "Bogdanovich,S"]
[Black "Yarmysty,M"]
[Result "1-0"]
[WhiteElo "2560"]
[BlackElo "2300"]

1.d4 d6 2.e4 Nf6 3.Nc3 e5 4.Nf3 Nbd7 5.Bc4 Be7 6.O-O O-O 7.Re1 c6 8.a4 a5
9.Bg5 Nb6 10.Ba2 Nfd7 11.Be3 exd4 12.Qxd4 Nc5 13.h3 Be6 14.Red1 Bxa2 15.Rxa2
Re8 16.Raa1 Nbd7 17.Qc4 Qb6 18.Qa2 Qc7 19.Re1 Bf6 20.Bd4 Ne5 21.Nxe5 Bxe5
22.Qc4 Qb6 23.Bxc5 dxc5 24.Nd1 Qb4 25.Qe2 f5 26.c3 Qxe4 27.Qxe4 fxe4 28.Ne3 b5
29.Kf1 c4 30.Red1 Bf4 31.Ke2 Kf7 32.axb5 cxb5 33.Rd5 Bxe3 34.Kxe3 Reb8 35.Kxe4
Ra7 36.Kd4 a4 37.Kc5 Re7 38.Rd2 b4 39.Rxa4 bxc3 40.bxc3 Rc7+ 41.Kd6 Re7 42.Rd4
Rd8+ 43.Kc5 Rc7+ 44.Kb6 Rxd4 45.cxd4 Rc8 46.Kb7 Re8 47.Rxc4 Re2 48.d5 Rd2
49.Kc6 {#r} 1-0

[Event "C41"]
[Site "Cleanchess.com Lutsk UKR"]
[Date "2018.02.16"]
[Round "5.2"]
[White "Yarmysty,M"]
[Black "Bordovsky,Vladimir"]
[Result "0-1"]
[WhiteElo "2300"]
[BlackElo "2326"]

1.e4 d6 2.d4 Nf6 3.Nc3 Nbd7 4.Nf3 e5 5.Bc4 Be7 6.O-O O-O 7.Re1 c6 8.a4 b6 9.h3
a6 10.d5 c5 11.Qd3 Nh5 12.Be3 g6 13.Bh6 Ng7 14.Rab1 Nf6 15.b4 Kh8 16.bxc5 bxc5
17.Rb3 Ng8 18.Bxg7+ Kxg7 19.Reb1 f5 20.Rb6 fxe4 21.Nxe4 Rf4 22.Nfd2 Nf6 23.g3
Rf5 24.Bxa6 Bxa6 25.Rxa6 Rxa6 26.Qxa6 Nxd5 27.Rb7 Rf7 28.Nc4 Nb4 29.Qb5 d5
30.Nxe5 dxe4 31.Nxf7 Qd1+ 32.Kh2 Qf3 33.Kg1 Qd1+ 34.Qf1 Qxf1+ 35.Kxf1 Kxf7
36.a5 Ke6 37.a6 Nxa6 38.Rb6+ Kd5 39.Rxa6 Bd6 40.Ke2 Be5 41.Ra4 Bd4 42.f3 exf3+
43.Kxf3 h5 44.h4 Be5 45.Ra6 Kc4 46.Kf2 Bd4+ 47.Kf3 Kc3 48.Rxg6 Kxc2 49.Rg5 c4
50.Rxh5 c3 51.Rh7 Be5 52.Rh6 Kd3 53.Rc6 c2 54.h5 Bc3 55.Rxc3+ Kxc3 56.h6 c1=Q
{#R} 0-1

[Event "C41"]
[Site "Cleanchess.com Lutsk UKR"]
[Date "2018.02.17"]
[Round "7.2"]
[White "Bernadskiy,V"]
[Black "Bordovsky,Vladimir"]
[Result "1-0"]
[WhiteElo "2588"]
[BlackElo "2326"]

1.d4 d6 2.Nf3 Nf6 3.Nc3 Nbd7 4.e4 e5 5.Bc4 Be7 6.a4 a5 7.Ng5 O-O 8.Bxf7+ Rxf7
9.Ne6 Qe8 10.Nxc7 Qd8 11.Nxa8 b6 12.dxe5 dxe5 13.Nd5 Bc5 14.Nxf6+ Qxf6 15.f3
Qh4+ 16.g3 Qh3 17.Qe2 Nf8 18.Be3 Ba6 19.Qxa6 Bxe3 20.Qe2 Bc5 21.O-O-O Qc8
22.Rd5 Qxa8 23.Rxe5 Qc6 24.Rd1 Qxa4 25.Kb1 Qb4 26.f4 a4 27.c3 Qb3 28.Qc2 Qc4
29.Qd3 Qxd3+ 30.Rxd3 g6 31.Re8 Kg7 32.e5 Ra7 33.Ka2 Kf7 34.Rb8 Ne6 35.b4 axb3+
36.Kxb3 Ke7 37.Kc4 Nc7 38.Rh8 Ra4+ 39.Kb3 Ra3+ 40.Kb2 Ke6 41.Rxh7 Nd5 42.Rh6
Ra5 43.Rxg6+ Kf5 44.Rc6 Ke4 45.Rd2 Ne3 46.Re2 Rb5+ 47.Ka2 Ra5+ 48.Kb3 Rb5+
49.Ka4 Ra5+ 50.Kb3 Rb5+ 51.Ka4 Ra5+ 52.Kb3 Rb5+ 53.Ka2 Ra5+ 54.Kb1 Kd3 55.Ra2
Rb5+ 56.Rb2 Ra5 57.Ra2 Rb5+ 58.Rb2 Ra5 59.e6 Nc4 60.Rxc5 Rxc5 61.e7 Rc8 62.f5
Nxb2 63.Kxb2 Rxc3 64.e8=Q {#r} 1-0

[Event "C42"]
[Site "Cleanchess.com Neustadt an der Weinstrasse GER"]
[Date "2018.02.13"]
[Round "8.8"]
[White "Dann,M"]
[Black "Xiang,Zeyu"]
[Result "1-0"]
[WhiteElo "2528"]
[BlackElo "2380"]

1.e4 e5 2.Nf3 Nf6 3.Nxe5 d6 4.Nf3 Nxe4 5.Nc3 Nxc3 6.dxc3 Be7 7.Be3 Nc6 8.Qd2
Be6 9.O-O-O Qd7 10.b3 a6 11.h4 h6 12.Kb2 O-O-O 13.Nd4 Nxd4 14.Bxd4 Rhg8 15.c4
Rde8 16.Be2 Bg4 17.f3 Be6 18.g4 Qd8 19.Qc3 Bf6 20.c5 dxc5 21.Qxc5 Qe7 22.Qa7
c6 23.g5 hxg5 24.hxg5 Bxd4+ 25.Rxd4 Bd5 26.Bd3 g6 27.Rh7 Bxf3 28.Bxa6 c5
29.Rc4 {#r} 1-0

[Event "C42"]
[Site "Cleanchess.com   INT"]
[Date "2018.02.14"]
[Round "6"]
[White "Izoria,Z"]
[Black "Xu,Xiangyu"]
[Result "0-1"]
[WhiteElo "2599"]
[BlackElo "2545"]

1.e4 e5 2.Nf3 Nf6 3.Nxe5 d6 4.Nf3 Nxe4 5.d3 Nf6 6.d4 Be7 7.Bd3 O-O 8.O-O c5
9.d5 Bg4 10.h3 Bh5 11.c4 Nbd7 12.g4 Bg6 13.Bxg6 hxg6 14.Re1 Nh7 15.Kg2 f5
16.Nc3 Bf6 17.Re6 Ne5 18.Nxe5 Bxe5 19.Rxg6 Qh4 20.f4 Bd4 21.Qf3 Rae8 22.Bd2
Rf6 23.gxf5 Rxf5 24.Rf1 Nf6 25.Rg5 Qh7 26.Re1 Rf8 27.Rxf5 Qxf5 28.Ne4 Bxb2
29.Nxd6 Qc2 30.Re2 Bd4 31.Be1 Qb1 32.f5 Rd8 33.Ne4 b5 34.Nc3 Qc1 35.cxb5 Qg5+
36.Bg3 Bxc3 37.Qxc3 Rxd5 38.Qc4 Kf8 39.a4 Qxf5 40.Rf2 Qe6 41.a5 Kg8 42.Qe2 Ne4
43.Qe3 Rg5 44.Re2 Qe5 45.Qxe4 Qxg3+ 46.Kf1 Qg1# 0-1

[Event "C45"]
[Site "Cleanchess.com   INT"]
[Date "2018.02.14"]
[Round "6"]
[White "Brattain,Mika"]
[Black "Amin,B"]
[Result "1-0"]
[WhiteElo "2404"]
[BlackElo "2693"]

1.e4 e5 2.Nf3 Nc6 3.d4 exd4 4.Nxd4 Nf6 5.Nxc6 bxc6 6.e5 Qe7 7.Qe2 Nd5 8.c4 Ba6
9.b3 g6 10.f4 d6 11.Qf2 Nf6 12.Be2 dxe5 13.Ba3 Qe6 14.fxe5 Qxe5 15.O-O Bxa3
16.Nxa3 O-O 17.Bf3 Rad8 18.Nc2 c5 19.Ne3 Bc8 20.Rae1 Qc3 21.Nd5 Nxd5 22.Bxd5
Qd4 23.Re7 Rd7 24.Rfe1 {#r} 1-0

[Event "C45"]
[Site "Cleanchess.com   INT"]
[Date "2018.02.14"]
[Round "6"]
[White "Jones,G"]
[Black "Otchiyev,A"]
[Result "1-0"]
[WhiteElo "2640"]
[BlackElo "2369"]

1.e4 e5 2.Nf3 Nc6 3.d4 exd4 4.Nxd4 Nf6 5.Nxc6 bxc6 6.e5 Qe7 7.Qe2 Nd5 8.c4 Nb6
9.Nc3 g6 10.Ne4 Bg7 11.Nf6+ Bxf6 12.exf6 Qe6 13.Bh6 Ba6 14.b3 O-O-O 15.Qxe6
dxe6 16.Be2 Nd7 17.O-O-O Rhe8 18.Bg7 Bb7 19.g4 c5 20.Rhf1 Ne5 21.f4 Rxd1+
22.Bxd1 Nc6 23.Rf3 e5 24.fxe5 Rxe5 25.Rh3 Nd4 26.Rxh7 Re1 27.Kd2 Rg1 28.Rh8+
Kd7 29.Rf8 Rg2+ 30.Ke3 Ke6 31.Re8+ Kd6 32.Bf8+ Kd7 33.Re7+ Kd8 34.Rxf7 Rg1
35.Kd2 Rg2+ 36.Kc3 Rg1 37.Bxc5 Rxd1 38.Bxd4 a5 39.Rf8+ Kd7 40.Rb8 Be4 41.f7
Rd3+ 42.Kb2 Rd2+ 43.Kc1 {#r} 1-0

[Event "C45"]
[Site "Cleanchess.com Lutsk UKR"]
[Date "2018.02.16"]
[Round "8.1"]
[White "Bortnik,N"]
[Black "Bogdanovich,S"]
[Result "0-1"]
[WhiteElo "2432"]
[BlackElo "2560"]

1.e4 e5 2.Nf3 Nc6 3.d4 exd4 4.Nxd4 Bc5 5.Nf5 g6 6.Be3 Bxe3 7.Nxe3 Nf6 8.Nc3
O-O 9.Bd3 d6 10.O-O Re8 11.f4 Nb4 12.a3 Nxd3 13.Qxd3 Bd7 14.Ned5 Bc6 15.Rae1
Bxd5 16.Nxd5 c6 17.Nxf6+ Qxf6 18.c3 Re7 19.Qd4 Qxd4+ 20.cxd4 Rae8 21.e5 f6
22.Re4 dxe5 23.fxe5 fxe5 24.Rfe1 Kf7 25.Rf1+ Ke6 26.Rxe5+ Kd6 27.Rf6+ Re6
28.Rf7 R8e7 29.Rxe6+ Kxe6 30.Rf4 Kd5 31.Kf2 Kc4 32.Kg3 Re3+ 33.Kf2 Rb3 34.Rf7
Rxb2+ 35.Kf3 h5 36.Rg7 Kxd4 37.Rxg6 c5 38.Rd6+ Ke5 39.Rh6 Rb3+ 40.Kf2 Kd4
41.Rxh5 c4 42.Rh4+ Kd3 43.Rh8 c3 44.Rd8+ Kc2 45.g4 Kb2 46.Rc8 c2 47.Rxc2+ Kxc2
48.g5 Rxa3 49.Kg2 b5 50.h4 b4 51.h5 Ra5 {#R} 0-1

[Event "C45"]
[Site "Cleanchess.com Newcastle ENG"]
[Date "2018.02.16"]
[Round "4.3"]
[White "Plat,V"]
[Black "Longson,A"]
[Result "1-0"]
[WhiteElo "2560"]
[BlackElo "2307"]

1.e4 e5 2.Nf3 Nc6 3.d4 exd4 4.Nxd4 Nf6 5.Nxc6 bxc6 6.Bd3 d5 7.Qe2 Be7 8.e5 Nd7
9.e6 fxe6 10.Qxe6 Nf6 11.Qxc6+ Bd7 12.Qa6 O-O 13.O-O Ng4 14.Qa5 c6 15.Qxd8
Raxd8 16.Be2 Bc5 17.Bf3 Ne5 18.Nd2 Nxf3+ 19.Nxf3 Rde8 20.Be3 Bxe3 21.fxe3 Rxe3
22.Rae1 Rfe8 23.Rxe3 Rxe3 24.Kf2 Re4 25.Re1 Rxe1 26.Nxe1 Kf7 27.Nd3 Ke7 28.Ke3
Kd6 29.Kd4 Bf5 30.b4 Be6 31.Ne5 Bg8 32.a4 Be6 33.c3 Bg8 34.h4 Be6 35.Nd3 Bg4
36.a5 Bd7 37.Ne5 Be6 38.g3 Bg8 39.Nf3 Be6 40.Ng5 Bg8 41.Nh3 Be6 42.Nf4 Bf7
43.g4 h6 44.g5 hxg5 45.hxg5 Be8 46.Ng2 Bg6 47.Ne3 Bh7 48.c4 dxc4 49.Nxc4+ Ke6
50.Kc5 Be4 51.Nd6 Bf3 52.Nc8 Kd7 53.Nxa7 Kc7 54.b5 cxb5 55.Nxb5+ Kb7 56.Nd6+
Ka6 57.Kb4 Bd5 58.Ne8 Be4 59.Nxg7 {#r} 1-0

[Event "C45"]
[Site "Cleanchess.com Lutsk UKR"]
[Date "2018.02.16"]
[Round "4.1"]
[White "Bortnik,N"]
[Black "Matviishen,Viktor"]
[Result "0-1"]
[WhiteElo "2432"]
[BlackElo "2439"]

1.e4 e5 2.Nf3 Nc6 3.d4 exd4 4.Nxd4 Bc5 5.Nf5 d5 6.Bb5 Bxf5 7.exf5 Qe7+ 8.Qe2
Qxe2+ 9.Kxe2 Ne7 10.g4 O-O-O 11.Bd3 h5 12.f3 Nd4+ 13.Kd1 Nxf3 14.g5 f6 15.gxf6
gxf6 16.Nd2 Ne5 17.Rf1 Rdg8 18.Be2 Rg2 19.Nb3 Bb6 20.a4 a6 21.a5 Ba7 22.h4 Rf2
23.Rxf2 Bxf2 24.Ra4 Rg8 25.Bxh5 Nc4 26.Bf7 Rg4 27.Ke2 Bxh4 28.Be6+ Kd8 29.Nc5
Rg2+ 30.Kf3 Rg3+ 31.Ke2 Nc6 32.c3 Rg2+ 33.Kf3 Rg3+ 34.Ke2 Rg2+ 35.Kf1 Rf2+
36.Kg1 Rc2 37.Bf4 Bf2+ 38.Kh1 Bxc5 39.Bxd5 N4e5 40.Bg3 Bf2 41.Bh2 Rxb2 42.Re4
Kd7 43.Be6+ Kd6 44.Rg4 Be3 45.Rg7 Rb1+ 46.Kg2 Rb2+ 47.Kh3 Kc5 48.Rxc7 Nd3
49.Bg3 Nf2+ 50.Kh4 Ne4 51.Be1 Rh2+ 52.Kg4 Kd6 53.Rd7+ Kc5 54.Kf3 Ne5+ 55.Kxe3
Nxd7 56.Bxd7 Nd6 57.Bg3 Rg2 58.Kf3 Rc2 59.Bf2+ Kd5 60.Be6+ Kc6 61.Bd4 Nb5
62.Bxf6 Nxc3 63.Bg7 Nb5 64.Bb3 Rc5 65.Kg4 Nd6 66.f6 Rxa5 67.Bf8 Ra3 68.Be6 Re3
69.Ba2 Re8 70.Be7 Kd7 71.Bb3 Rxe7 72.fxe7 Kxe7 73.Kf4 Kd7 74.Ke5 Kc6 75.Bd5+
Kc5 76.Bg2 b5 77.Kf4 Kd4 78.Kf3 Nc4 79.Ke2 Kc3 80.Bc6 b4 81.Kd1 Kb2 82.Ke2 a5
83.Bb5 Nb6 84.Kd3 a4 {#R} 0-1

[Event "C47"]
[Site "Cleanchess.com Moscow RUS"]
[Date "2018.02.18"]
[Round "2.2"]
[White "Dubov,Daniil"]
[Black "Matlakov,M"]
[Result "1-0"]
[WhiteElo "2694"]
[BlackElo "2709"]

1.e4 e5 2.Nf3 Nc6 3.Nc3 Nf6 4.d4 exd4 5.Nxd4 Bb4 6.Nxc6 bxc6 7.Bd3 d5 8.exd5
O-O 9.O-O cxd5 10.Bg5 c6 11.Qf3 Bd6 12.h3 Rb8 13.Rab1 h6 14.Bf4 Be6 15.Ne2 c5
16.c3 Re8 17.Rfd1 Rb6 18.Bc2 Bxf4 19.Nxf4 Qb8 20.b3 a5 21.Re1 Rd6 22.Rbd1 Rdd8
23.Re2 Qd6 24.Qg3 Qc6 25.Rde1 Bd7 26.Rxe8+ Rxe8 27.Rxe8+ Bxe8 28.Qe3 Qd6
29.Nh5 Ne4 30.f3 Qe5 31.fxe4 Qxh5 32.exd5 Bd7 33.Qe7 {#r} 1-0

[Event "C47"]
[Site "Cleanchess.com Wachtebeke BEL"]
[Date "2018.02.15"]
[Round "9.4"]
[White "Van der Lende,I"]
[Black "De Waele,Warre"]
[Result "1-0"]
[WhiteElo "2384"]
[BlackElo "2262"]

1.e4 e5 2.Nf3 Nc6 3.d4 exd4 4.Nxd4 Nf6 5.Nc3 Bb4 6.Nxc6 bxc6 7.Bd3 d5 8.exd5
cxd5 9.O-O O-O 10.Bg5 c6 11.Qf3 Bd6 12.h3 Rb8 13.Rab1 Re8 14.Rfd1 Be6 15.Ne2
Be5 16.b4 h6 17.Bf4 Qd6 18.a3 Bxf4 19.Qxf4 Qxf4 20.Nxf4 Rec8 21.Re1 Bd7 22.c4
g5 23.Ne2 c5 24.b5 Be6 25.cxd5 Bxd5 26.Nc3 Be6 27.a4 Rd8 28.Bf1 Rd2 29.a5 Rc2
30.Na4 Ra2 31.Nxc5 Rxa5 32.Nxe6 fxe6 33.Rxe6 Rb6 34.Rxb6 axb6 35.Rd1 Kf7
36.Bc4+ Kg7 37.Rd6 Ra1+ 38.Kh2 Rc1 39.Rc6 Ne4 40.Bd5 {#r} 1-0

[Event "C47"]
[Site "Cleanchess.com Leiden NED"]
[Date "2018.02.17"]
[Round "2.3"]
[White "Tabak,S"]
[Black "Pruijssers,R"]
[Result "0-1"]
[WhiteElo "2220"]
[BlackElo "2523"]

1.e4 e5 2.Nf3 Nc6 3.Nc3 Nf6 4.d4 exd4 5.Nxd4 Bb4 6.Nxc6 bxc6 7.Bd3 d5 8.exd5
O-O 9.O-O cxd5 10.Bg5 c6 11.Qf3 h6 12.Bf4 Re8 13.h3 Bd6 14.Rfe1 Rxe1+ 15.Rxe1
Rb8 16.b3 Rb4 17.Bxd6 Qxd6 18.Na4 Kf8 19.c3 Rb7 20.b4 Re7 21.Rxe7 Qxe7 22.Qf4
Ne8 23.Kf1 Nc7 24.Nc5 f6 25.Bf5 Bxf5 26.Qxf5 Nb5 27.Qd3 Kf7 28.a4 Nd6 29.b5
Nxb5 30.Nb3 Nc7 31.Nd4 Qd7 32.h4 c5 33.Nf5 Qxa4 34.Kg1 Qf4 35.h5 Qg4 36.Nd6+
Ke6 37.Nb7 Qxh5 38.Nxc5+ Kf7 39.Na6 Ne6 40.Nb4 Nf4 41.Qe3 Qd1+ 42.Kh2 Qg4 {#R}
0-1

[Event "C49"]
[Site "Cleanchess.com Neustadt an der Weinstrasse GER"]
[Date "2018.02.12"]
[Round "7.8"]
[White "Pap,M"]
[Black "Beeke,B"]
[Result "1-0"]
[WhiteElo "2502"]
[BlackElo "2311"]

1.e4 e5 2.Nf3 Nc6 3.Nc3 Nf6 4.Bb5 Bb4 5.O-O O-O 6.d3 d6 7.Bg5 Bxc3 8.bxc3 h6
9.Bh4 Bd7 10.Nd2 g5 11.Bg3 Ne8 12.Nc4 Ne7 13.Bxd7 Qxd7 14.d4 Qe6 15.Qd3 f6
16.f3 Ng7 17.Bf2 Kh8 18.a4 Rg8 19.Ne3 a5 20.Qc4 Qd7 21.Ng4 Nh5 22.dxe5 fxe5
23.Nxh6 Rg6 24.Ng4 Nf6 25.Nxf6 Rxf6 26.Be3 Rg8 27.Rab1 b6 28.h3 Rh6 29.Kf2 Rg7
30.Rh1 Ng8 31.h4 Rxh4 32.Bxg5 Rhh7 33.Bh4 Rg6 34.Rh2 Kg7 35.Rbh1 Rhh6 36.g4
Ne7 37.Ke1 Ng8 38.Kd1 Rh7 39.Kc1 Kf8 40.Kd2 Rf7 41.Ke2 c6 42.Qd3 Qe6 43.Rb1
Rxg4 44.Rxb6 Qg6 45.Bf2 Rgf4 46.Rh3 d5 47.Rb8+ Ke7 48.Rg3 Qh5 49.Rbxg8 Rxe4+
50.Kd2 Ref4 51.Bc5+ Kd7 52.Qa6 {#r} 1-0

[Event "C50"]
[Site "Cleanchess.com   INT"]
[Date "2018.02.14"]
[Round "6"]
[White "Andriasian,Z"]
[Black "Romanov,E"]
[Result "1-0"]
[WhiteElo "2585"]
[BlackElo "2617"]

1.e4 e5 2.Nf3 Nc6 3.Bc4 Bc5 4.O-O Nf6 5.d3 d6 6.c3 a6 7.Nbd2 Ba7 8.Bb3 Ne7
9.d4 Ng6 10.Re1 O-O 11.Nf1 Bg4 12.Ne3 Bh5 13.Nf5 d5 14.Ng3 Bxf3 15.Qxf3 dxe4
16.Nxe4 Nxe4 17.Rxe4 exd4 18.Bd2 Qd7 19.Rae1 Rad8 20.h4 dxc3 21.Bxc3 Qd3
22.Qg4 Kh8 23.h5 f5 24.Bxg7+ Kxg7 25.Re7+ {#r} 1-0

[Event "C50"]
[Site "Cleanchess.com Graz AUT"]
[Date "2018.02.18"]
[Round "2.10"]
[White "Kanmazalp,O"]
[Black "Steindl,Johannes"]
[Result "1-0"]
[WhiteElo "2477"]
[BlackElo "2236"]

1.e4 e5 2.Nf3 Nc6 3.Bc4 Bc5 4.O-O Nf6 5.d3 O-O 6.Bg5 h6 7.Bh4 Be7 8.Bg3 d6
9.a4 Bg4 10.h3 Bh5 11.c3 Nh7 12.Bh2 Ng5 13.Nbd2 Kh8 14.Bd5 Qd7 15.Nxe5 Nxh3+
16.Kh1 dxe5 17.Qxh5 Nf4 18.Bxf4 exf4 19.Nf3 Nd8 20.d4 c6 21.Bb3 Kh7 22.Ne5 Qd6
23.Qf5+ g6 24.Qxf4 f5 25.Rae1 c5 26.dxc5 Qb8 27.Qg3 {#r} 1-0